000 00645nam a2200241Ia 4500
003 OSt
005 20220923225205.0
006 a|||||r|||| 00| 0
007 ta
008 220922b |||||||| |||| 00| 0 urd d
024 _a259,591
037 _cTextual
040 _aARTS
_cARTS
_burd
041 _2urd
_aurd
082 _aO168,1N11x, 152K9
100 _aफैज
_9159533
245 0 _aशीशा का मसीहा
246 _aShīshā kā masīhā
260 _c1969
650 _aउर्दू साहित्य
942 _hO168,1N11x, 152K9
_cTEXL
_2CC
999 _c376630
_d376630